<?xml version="1.0" encoding="UTF-8"?><record xmlns="http://www.loc.gov/MARC21/slim" xmlns:zs="http://docs.oasis-open.org/ns/search-ws/sruResponse">
  <leader>03844ckd a2200673 a 4500</leader>
  <controlfield tag="001">14489162</controlfield>
  <controlfield tag="005">20250607013838.2</controlfield>
  <controlfield tag="007">kh|bo|</controlfield>
  <controlfield tag="008">060809i19401947|||nnn            kneng  </controlfield>
  <datafield ind1=" " ind2=" " tag="035">
    <subfield code="a">14489162</subfield>
  </datafield>
  <datafield ind1=" " ind2=" " tag="906">
    <subfield code="a">7</subfield>
    <subfield code="b">cbc</subfield>
    <subfield code="c">orignew</subfield>
    <subfield code="d">u</subfield>
    <subfield code="e">ncip</subfield>
    <subfield code="f">20</subfield>
    <subfield code="g">y-printpho</subfield>
  </datafield>
  <datafield ind1=" " ind2=" " tag="955">
    <subfield code="a">qw17</subfield>
    <subfield code="b">2006 08</subfield>
  </datafield>
  <datafield ind1=" " ind2=" " tag="955">
    <subfield code="a">LCAP batch update 2025-06-01-04:00: LCAPM-859</subfield>
  </datafield>
  <datafield ind1=" " ind2=" " tag="010">
    <subfield code="a">  2006684264</subfield>
  </datafield>
  <datafield ind1=" " ind2=" " tag="040">
    <subfield code="a">DLC</subfield>
    <subfield code="e">gihc</subfield>
    <subfield code="c">DLC</subfield>
    <subfield code="d">DLC</subfield>
  </datafield>
  <datafield ind1=" " ind2=" " tag="043">
    <subfield code="a">a-jo---</subfield>
    <subfield code="a">awba---</subfield>
  </datafield>
  <datafield ind1="0" ind2="0" tag="050">
    <subfield code="a">LOT 13764</subfield>
  </datafield>
  <datafield ind1="2" ind2=" " tag="110">
    <subfield code="a">Matson Photo Service,</subfield>
    <subfield code="e">photographer.</subfield>
  </datafield>
  <datafield ind1="1" ind2="0" tag="245">
    <subfield code="a">Photographs from the story of "Ruth, the Moabitess"</subfield>
    <subfield code="h">[graphic].</subfield>
  </datafield>
  <datafield ind1=" " ind2=" " tag="260">
    <subfield code="a">[between 1940 and 1947]</subfield>
  </datafield>
  <datafield ind1=" " ind2=" " tag="300">
    <subfield code="a">45 photographic prints :</subfield>
    <subfield code="b">gelatin silver ;</subfield>
    <subfield code="c">24 x 30 cm. or smaller.</subfield>
  </datafield>
  <datafield ind1=" " ind2=" " tag="336">
    <subfield code="a">still image</subfield>
    <subfield code="b">sti</subfield>
    <subfield code="2">rdacontent</subfield>
  </datafield>
  <datafield ind1=" " ind2=" " tag="337">
    <subfield code="a">unmediated</subfield>
    <subfield code="b">n</subfield>
    <subfield code="2">rdamedia</subfield>
  </datafield>
  <datafield ind1=" " ind2=" " tag="338">
    <subfield code="a">sheet</subfield>
    <subfield code="b">nb</subfield>
    <subfield code="2">rdacarrier</subfield>
  </datafield>
  <datafield ind1=" " ind2=" " tag="351">
    <subfield code="a">Arranged by number written on verso of photographs.</subfield>
  </datafield>
  <datafield ind1=" " ind2=" " tag="500">
    <subfield code="a">Original negatives for some photographs may be found in the G. Eric and Edith Matson Photograph Collection: http://hdl.loc.gov/loc.pnp/pp.matpc</subfield>
  </datafield>
  <datafield ind1=" " ind2=" " tag="500">
    <subfield code="a">LOT title devised by Library staff.</subfield>
  </datafield>
  <datafield ind1=" " ind2=" " tag="500">
    <subfield code="a">Stamped on verso: Copyright, the Matson Photo Service, Jerusalem, Palestine. One image also stamped: Copyright 1947, U.S.A. Matson Photo Service.</subfield>
  </datafield>
  <datafield ind1=" " ind2=" " tag="500">
    <subfield code="a">Some photographs were made by the Matson Photo Service from images taken earlier (approximately 1900-1934) by the American Colony Photo Department.</subfield>
  </datafield>
  <datafield ind1=" " ind2=" " tag="500">
    <subfield code="a">Xerox copy of booklet "Ruth the Moabitess", produced by the Matson Photo Service included in LOT. Booklet provides captions for images.</subfield>
  </datafield>
  <datafield ind1=" " ind2=" " tag="500">
    <subfield code="a">Original negatives and captions for some photographs may be found in the G. Eric and Edith Matson Negatives: http://lcweb2.loc.gov/pp/matpcquery.html.</subfield>
  </datafield>
  <datafield ind1="0" ind2=" " tag="520">
    <subfield code="a">Photographs of scenes used to illustrate the story of the Book of Ruth depicting Biblical figures Ruth, Naomi, Boaz, and Orpah. Also shown are barley fields, camels, cooking, landscapes, reapers, social life, agricultural activities, stone walls, tents, village scenes, and women dancing. Locations include Moab and environs, Heshbon, Mt. Nebo,  the Dead Sea, and Bethlehem.</subfield>
  </datafield>
  <datafield ind1=" " ind2=" " tag="540">
    <subfield code="a">No known restrictions on publication.  For information, see "G. Eric and Edith Matson Photograph Collection"</subfield>
    <subfield code="u">http://www.loc.gov/rr/print/res/258_mats.html</subfield>
  </datafield>
  <datafield ind1=" " ind2=" " tag="541">
    <subfield code="c">Gift;</subfield>
    <subfield code="a">G. Eric and Edith Matson;</subfield>
    <subfield code="d">1966-1977.</subfield>
  </datafield>
  <datafield ind1=" " ind2=" " tag="541">
    <subfield code="c">Gift;</subfield>
    <subfield code="a">Kensington Episcopal Home;</subfield>
    <subfield code="d">1978-2003.</subfield>
  </datafield>
  <datafield ind1="8" ind2=" " tag="555">
    <subfield code="a">Collection profile with information about the Matson Collection and a bibliography is available online</subfield>
    <subfield code="u">http://hdl.loc.gov/loc.pnp/pp.matpc</subfield>
  </datafield>
  <datafield ind1=" " ind2=" " tag="580">
    <subfield code="a">Forms part of: the G. Eric and Edith Matson Photograph Collection.</subfield>
  </datafield>
  <datafield ind1="0" ind2="4" tag="600">
    <subfield code="a">Boaz</subfield>
    <subfield code="c">(Biblical figure)</subfield>
    <subfield code="y">1900-1950.</subfield>
  </datafield>
  <datafield ind1="0" ind2="4" tag="600">
    <subfield code="a">Naomi</subfield>
    <subfield code="c">(Biblical figure)</subfield>
    <subfield code="y">1900-1950.</subfield>
  </datafield>
  <datafield ind1="0" ind2="4" tag="600">
    <subfield code="a">Ruth</subfield>
    <subfield code="c">(Biblical figure)</subfield>
    <subfield code="y">1900-1950.</subfield>
  </datafield>
  <datafield ind1="0" ind2="0" tag="630">
    <subfield code="a">Bible.</subfield>
    <subfield code="p">Ruth.</subfield>
  </datafield>
  <datafield ind1=" " ind2="7" tag="650">
    <subfield code="a">Biblical events.</subfield>
    <subfield code="2">lctgm</subfield>
  </datafield>
  <datafield ind1=" " ind2="7" tag="650">
    <subfield code="a">Barley</subfield>
    <subfield code="y">1900-1950.</subfield>
    <subfield code="2">lctgm</subfield>
  </datafield>
  <datafield ind1=" " ind2="7" tag="650">
    <subfield code="a">Camels</subfield>
    <subfield code="y">1900-1950.</subfield>
    <subfield code="2">lctgm</subfield>
  </datafield>
  <datafield ind1=" " ind2="7" tag="650">
    <subfield code="a">Farming</subfield>
    <subfield code="z">West Bank</subfield>
    <subfield code="y">1900-1950.</subfield>
    <subfield code="2">lctgm</subfield>
  </datafield>
  <datafield ind1=" " ind2="7" tag="650">
    <subfield code="a">Harvesting</subfield>
    <subfield code="z">West Bank</subfield>
    <subfield code="y">1900-1950.</subfield>
    <subfield code="2">lctgm</subfield>
  </datafield>
  <datafield ind1=" " ind2="7" tag="650">
    <subfield code="a">Mountains</subfield>
    <subfield code="y">1900-1950.</subfield>
    <subfield code="2">lctgm</subfield>
  </datafield>
  <datafield ind1=" " ind2="7" tag="650">
    <subfield code="a">Tents</subfield>
    <subfield code="y">1900-1950.</subfield>
    <subfield code="2">lctgm</subfield>
  </datafield>
  <datafield ind1=" " ind2="7" tag="650">
    <subfield code="a">Women</subfield>
    <subfield code="y">1900-1950.</subfield>
    <subfield code="2">lctgm</subfield>
  </datafield>
  <datafield ind1=" " ind2="0" tag="651">
    <subfield code="a">Palestine</subfield>
    <subfield code="x">History</subfield>
    <subfield code="y">1799-1917.</subfield>
  </datafield>
  <datafield ind1=" " ind2="0" tag="651">
    <subfield code="a">Palestine</subfield>
    <subfield code="x">History</subfield>
    <subfield code="y">1917-1948.</subfield>
  </datafield>
  <datafield ind1=" " ind2="7" tag="655">
    <subfield code="a">Landscape photographs</subfield>
    <subfield code="y">1900-1950.</subfield>
    <subfield code="2">gmgpc</subfield>
  </datafield>
  <datafield ind1=" " ind2="7" tag="655">
    <subfield code="a">Portrait photographs</subfield>
    <subfield code="y">1900-1950.</subfield>
    <subfield code="2">gmgpc</subfield>
  </datafield>
  <datafield ind1=" " ind2="7" tag="655">
    <subfield code="a">Gelatin silver prints</subfield>
    <subfield code="y">1930-1950.</subfield>
    <subfield code="2">gmgpc</subfield>
  </datafield>
  <datafield ind1="0" ind2=" " tag="773">
    <subfield code="t">G. Eric and Edith Matson Photograph Collection</subfield>
    <subfield code="w">(DLC)   2005676184</subfield>
  </datafield>
  <datafield ind1=" " ind2=" " tag="852">
    <subfield code="a">Library of Congress</subfield>
    <subfield code="b">Prints and Photographs Division</subfield>
    <subfield code="e">Washington, D.C. 20540 USA</subfield>
    <subfield code="n">dcu</subfield>
  </datafield>
  <datafield ind1="4" ind2="1" tag="856">
    <subfield code="z">Search for images in Prints &amp; Photographs Online Catalog</subfield>
    <subfield code="u">http://lcweb2.loc.gov/pp/cphquery.html</subfield>
  </datafield>
  <datafield ind1=" " ind2=" " tag="985">
    <subfield code="a">pp/coll</subfield>
  </datafield>
  <datafield ind1=" " ind2=" " tag="991">
    <subfield code="b">c-P&amp;P</subfield>
    <subfield code="m">(F)</subfield>
    <subfield code="v">obj.</subfield>
  </datafield>
</record>
